Discorsi scritturali e morali (Record no. 8488)

MARC details
000 -CABECERA
campo de control de longitud fija 00974nam a2200229 a 4500
001 - NÚMERO DE CONTROL
campo de control BRCA_8837
005 - FECHA Y HORA DE LA ÚLTIMA TRANSACCIÓN
campo de control 20190320210430.0
008 - DATOS DE LONGITUD FIJA--INFORMACIÓN GENERAL
campo de control de longitud fija 050517s1757----it-#######---#000-0#ita-#
041 ## - CÓDIGO DE LENGUA
Código de lengua del texto/banda sonora o título independiente ita
044 ## - CÓDIGO DEL PAÍS DE LA ENTIDAD EDITORA/PRODUCTORA
Código MARC del país it
084 ## - OTRO NÚMERO DE CLASIFICACIÓN
Número de clasificación BE218
Número de documento/Ítem .C35 1757
100 1# - ENTRADA PRINCIPAL--NOMBRE DE PERSONA
Nombre de persona Calino, Cesare (S.I.)
Fechas asociadas al nombre 1670 - 1749
9 (RLIN) 22020
245 10 - MENCIÓN DE TÍTULO
Título Discorsi scritturali e morali
Resto del título Ad utile Trattenimento delle monache
Mención de responsabilidad, etc. opera di Cesare Calino della Compagnia di gesu´; parte terza, volumen primo diretta principalmente alle professe in generale.
260 ## - PUBLICACIÓN, DISTRIBUCIÓN, ETC.
Lugar de publicación, distribución, etc. Venezi
Nombre del editor, distribuidor, etc. Presso Gio: Battista Recurri
Fecha de publicación, distribución, etc. 1757
300 ## - DESCRIPCIÓN FÍSICA
Extensión 503 p. (t.3)
Dimensiones 16.3 x 9.1 cm.
500 ## - NOTA GENERAL
Nota general Con licenza de superiori, e privilegio
500 ## - NOTA GENERAL
Nota general Estado físicos: presenta encuadernación en pergamino con cintas rotas, lomo semi desprendió y hojas manchadas
505 0# - NOTA DE CONTENIDO CON FORMATO
Nota de contenido con formato Contenido: Parte 3, v.1, Diretta principalmente alle professe in generale
650 14 - PUNTO DE ACCESO ADICIONAL DE MATERIA--TÉRMINO DE MATERIA
Término de materia o nombre geográfico como elemento de entrada Moral
Subdivisión cronológica Obras anteriores a 1800
9 (RLIN) 22021
902 ## - CATALOGADOR
Iniciales CFM
942 ## - ELEMENTOS DE PUNTO DE ACCESO ADICIONAL (KOHA)
Fuente del sistema de clasificación o colocación Library of Congress Classification
Tipo de ítem Koha Libros
Holdings
Estado de retiro Estado de pérdida Estado dañado No para préstamo Localización permanente Ubicación/localización actual Fecha de adquisición Total de préstamos Signatura topográfica completa Código de barras Fecha visto por última vez Precio válido a partir de Tipo de ítem Koha
El ejemplar forma parte de la colección y puede ser consultado según las políticas vigentes.       Biblioteca del Museo Franz Mayer (Rogerio Casas-Alatriste) Biblioteca del Museo Franz Mayer (Rogerio Casas-Alatriste) 05/05/2017   BE218 .C35 1757 CFM00164 22/03/2019 22/03/2019 Libros